|
|
|
|
| LEADER |
00000cam a2200000 7i4500 |
| 001 |
0000068263 |
| 005 |
20220105104235.0 |
| 008 |
161122 |
| 020 |
|
|
|a 9789830056593
|
| 090 |
0 |
0 |
|a JP
|b CT ENG
|
| 100 |
0 |
|
|a Parable, A
|
| 245 |
1 |
0 |
|a The son who came home
|c A Parable
|
| 260 |
|
|
|a Johor Bahru :
|b Penerbitan Pelangi Sdn.Bhd. ,
|c ©2013
|
| 300 |
|
|
|a 34p. :
|b col. ill. ;
|c 21cm.
|
| 490 |
1 |
|
|a Young learner classic readers
|v Level 2
|
| 500 |
|
|
|a Children age 4-6 years old (yellow)
|
| 650 |
|
0 |
|a Short stories
|x English
|
| 700 |
1 |
|
|a Lewis, J. Randolph
|
| 700 |
1 |
|
|a Ross, Graham
|
| 999 |
|
|
|a 0001411512
|b Book
|c Children Collection
|e Cawangan Sri Merlong
|
| 999 |
|
|
|a 0001411521
|b Book
|c Children Collection
|e Cawangan Tangkak
|
| 999 |
|
|
|a 0001411531
|b Book
|c Children Collection
|e Cawangan Pontian
|
| 999 |
|
|
|a 0001411546
|b Book
|c Children Collection
|e Cawangan Tmn. Ungku Tun Aminah
|
| 999 |
|
|
|a 0001412253
|b Book
|c Children Collection
|e Cawangan Pontian
|
| 999 |
|
|
|a 0001412254
|b Book
|c Children Collection
|e Cawangan Batu Pahat
|
| 999 |
|
|
|a 0001412255
|b Book
|c Children Collection
|e Cawangan Bukit Gambir
|
| 999 |
|
|
|a 0001412256
|b Book
|c Brochure/Pamphlet/Poster
|e Cawangan Sri Merlong
|
| 999 |
|
|
|a 0001412257
|b Book
|c Children Collection
|e Cawangan Tangkak
|
| 999 |
|
|
|a 0001412258
|b Book
|c Children Collection
|e Cawangan Taman Sri Lambak
|
| 999 |
|
|
|a 0001412259
|b Book
|c Children Collection
|e Cawangan Bandar Tenggara
|
| 999 |
|
|
|a 0001412260
|b Book
|c Children Collection
|e Cawangan Segamat
|
| 999 |
|
|
|a 0001412261
|b Book
|c Children Collection
|e Cawangan Tmn. Ungku Tun Aminah
|
| 999 |
|
|
|a 0001412262
|b Book
|c Children Collection
|e Cawangan Kota Tinggi
|
| 999 |
|
|
|a 0001412263
|b Book
|c Children Collection
|e Cawangan Taman Universiti
|
| 999 |
|
|
|a 0001412264
|b Book
|c Children Collection
|e Cawangan Mersing
|
| 999 |
|
|
|a 0001412265
|b Book
|c Children Collection
|e Cawangan Tmn. Ungku Tun Aminah
|
| 999 |
|
|
|a 0001412266
|b Book
|c Children Collection
|e Cawangan Bandar Penawar
|
| 999 |
|
|
|a 0001412611
|b Book
|c Children Collection
|e Perbadanan Perpustakaan Awam Johor
|
| 999 |
|
|
|a 0001412612
|b Book
|c Children Collection
|e Perbadanan Perpustakaan Awam Johor
|
| 999 |
|
|
|a 0001412613
|b Book
|c Children Collection
|e Cawangan Urban Transformation Centre
|
| 999 |
|
|
|a 0001412614
|b Book
|c Children Collection
|e Cawangan AEON Kulaijaya
|